[Event "Niederrhein-ch"]
[Site "Hilden"]
[Date "2004.04.08"]
[Round "7"]
[White "Liu, Xiao You"]
[Black "Steinbring, Ralf"]
[Result "1-0"]
[WhiteElo "1892"]
[BlackElo "1870"]
[PlyCount "82"]
[EventDate "2004.04.02"]
[EventType "swiss"]
[EventRounds "9"]
[EventCountry "GER"]
[SourceTitle "EXT 2005"]
[Source "ChessBase"]
[SourceDate "2004.11.15"]
[SourceVersion "1"]
[SourceVersionDate "2004.11.15"]
[SourceQuality "1"]

1. b3 e5 2. Bb2 d6 3. e3 Nf6 4. g3 g6 5. Bg2 Bg7 6. d3 0-0 7. Nd2 c5 8. h3 Nc6 9. g4 h6 10. Bf3 Qd7 11. Rh2 b5 12. Rg2 Bb7 13. g5 hxg5 14. Rxg5 Nd8 15. Be2 Ne6 16. Rg3 a5 17. h4 Nh7 18. Bg4 f5 19. Bh3 Qf7 20. Ngf3 f4 21. Bxe6 Qxe6 22. Ng5 Nxg5 23. Rxg5 fxe3 24. fxe3 Qf6 25. Qe2 Bh6 26. Rg4 Bc8 27. Ne4 Qe6 28. Rg3 Bb7 29. Qg2 Kh7 30. 0-0-0 Bxe4 31. Qxe4 Qf5 32. Qb7+ Qf7 33. Qxb5 Qf2 34. Qd7+ Rf7 35. Qg4 Bxe3+ 36. Kb1 Rg8 37. h5 Re7 38. hxg6+ Kg7 39. Rh1 Rh8 40. Rh7+ Kg8 41. Qc8+ Qf8 1-0

[Event "Niederrhein-ch"]
[Site "Hilden"]
[Date "2004.04.06"]
[Round "5"]
[White "Goerke, Joachim"]
[Black "Steinbring, Ralf"]
[Result "1/2-1/2"]
[WhiteElo "2093"]
[BlackElo "1870"]
[PlyCount "82"]
[EventDate "2004.04.02"]
[EventType "swiss"]
[EventRounds "9"]
[EventCountry "GER"]
[SourceTitle "EXT 2005"]
[Source "ChessBase"]
[SourceDate "2004.11.15"]
[SourceVersion "1"]
[SourceVersionDate "2004.11.15"]
[SourceQuality "1"]

1. d4 Nf6 2. Nf3 g6 3. c4 Bg7 4. Nc3 0-0 5. g3 d6 6. Bg2 c6 7. 0-0 Nbd7 8. e4 e5 9. dxe5 dxe5 10. h3 Qc7 11. Be3 b6 12. b4 c5 13. b5 Bb7 14. Nd2 Nh5 15. Nd5 Qd6 16. Bf3 Nhf6 17. h4 h5 18. Nb3 Nxd5 19. cxd5 Rac8 20. Nd2 c4 21. Be2 c3 22. Nc4 Qe7 23. Qa4 Ra8 24. Rac1 f5 25. Rxc3 f4 26. Bc1 fxg3 27. fxg3 Rxf1+ 28. Kxf1 Nc5 29. Qc2 Qd7 30. Kg1 Qxb5 31. Nd6 Qd7 32. Nxb7 Qxb7 33. Ba3 Bf8 34. Bf1 Bd6 35. Bh3 Qe7 36. Rf3 Rf8 37. Rxf8+ Qxf8 38. Bxc5 Bxc5+ 39. Kg2 Qe7 40. Qd2 Kg7 41. Be6 Qf6 1/2-1/2